[Event "4NCL/Div3/AMCAH vs. SCS"]
[Site "Sunningdale ENG"]
[Date "2008.10.18"]
[Round "1.3"]
[White "Marley, Andrew"]
[Black "Clarke, Sean A"]
[Result "1-0"]
[WhiteElo "1805"]
[BlackElo "1885"]
[PlyCount "83"]
[EventDate "2008.10.18"]
[SourceDate "2008.10.04"]

1. d4 Nf6 2. c4 d5 3. cxd5 Nxd5 4. e4 Nf6 5. Nc3 e6 6. Nf3 Nbd7 7. Bd3 b6 8.
O-O Bb7 9. Re1 Be7 10. Bf4 Nh5 11. Be3 Nhf6 12. Qe2 O-O 13. Rad1 Bb4 14. Bg5 h6
15. Bh4 Qc8 16. a3 Bxc3 17. bxc3 Nh5 18. Qe3 c5 19. e5 Qc6 20. Qd2 f5 21. exf6
Nhxf6 22. Qe2 Rfe8 23. Bb5 Qc8 24. dxc5 Bxf3 25. Qxf3 a6 26. Bc4 Nxc5 27. Qe3
b5 28. Ba2 Qc6 29. f3 Nd5 30. Qd4 Na4 31. Rxe6 Naxc3 32. Rxe8+ Qxe8 33. Qxc3
Qh5 34. Bxd5+ Kh8 35. Bg3 Rd8 36. Qb3 Qg6 37. Be4 Rxd1+ 38. Qxd1 Qb6+ 39. Bf2
Qa5 40. Kh1 Kg8 41. Qd5+ Kf8 42. Bc5+ 1-0

[Event "4NCL/Div3/AMCAH vs. SCS"]
[Site "Sunningdale ENG"]
[Date "2008.10.18"]
[Round "1.4"]
[White "Lutton, J Arnold"]
[Black "Periasamymanjula, Mani"]
[Result "0-1"]
[WhiteElo "1874"]
[BlackElo "1704"]
[PlyCount "84"]
[EventDate "2008.10.18"]
[SourceDate "2008.10.04"]

1. e4 e5 2. Nf3 Nc6 3. Bb5 a6 4. Ba4 b5 5. Bb3 Nf6 6. O-O Be7 7. d4 Nxe4 8.
Nxe5 O-O 9. Qh5 Nxe5 10. Qxe5 Nf6 11. Nc3 Bd6 12. Qf5 Bb7 13. Bg5 Be7 14. Rae1
Rc8 15. Nd1 c5 16. c3 Be4 17. Qf4 Bd3 18. Ne3 Bxf1 19. Kxf1 Nh5 20. Bxe7 Qxe7
21. Qg4 Nf6 22. Qd1 Qd6 23. g3 c4 24. Nf5 Qb8 25. Bc2 Kh8 26. g4 Qxh2 27. Qf3
Rce8 28. Ne3 d5 29. Ke2 Qh4 30. Kd1 Ne4 31. Bxe4 dxe4 32. Qg2 Qg5 33. Qg3 Re6
34. Ng2 f5 35. Nf4 Ree8 36. Rh1 fxg4 37. Qh2 h6 38. Nh5 e3 39. fxe3 Qxe3 40.
Qc7 Qe2+ 41. Kc1 Rf1+ 42. Rxf1 Qxf1+ 0-1

[Event "4NCL/Div3/AMCAH vs. SCS"]
[Site "Sunningdale ENG"]
[Date "2008.10.18"]
[Round "1.5"]
[White "Andreev, Peter"]
[Black "Bogoda, Sagara T"]
[Result "1-0"]
[WhiteElo "1765"]
[BlackElo "1870"]
[PlyCount "61"]
[EventDate "2008.10.18"]
[SourceDate "2008.10.04"]

1. e4 e6 2. d3 d5 3. Nd2 c5 4. g3 Nc6 5. Bg2 Nf6 6. Ngf3 Bd6 7. O-O d4 8. a4 e5
9. Nh4 O-O 10. f4 Bg4 11. Ndf3 Qd7 12. f5 c4 13. h3 Bxf3 14. Qxf3 cxd3 15. cxd3
Be7 16. g4 Nxe4 17. Qxe4 Bxh4 18. g5 Bg3 19. Qg4 Bf4 20. Bxf4 exf4 21. Qh4 Ne7
22. Rxf4 Nxf5 23. Rxf5 g6 24. Rf4 Rad8 25. Raf1 Qxa4 26. Qh6 Qd7 27. Rh4 f5 28.
gxf6 Rf7 29. Be4 Rff8 30. Bd5+ Kh8 31. f7 1-0

[Event "4NCL/Div3/AMCAH vs. SCS"]
[Site "Sunningdale ENG"]
[Date "2008.10.18"]
[Round "1.6"]
[White "Scarry, Herbert"]
[Black "Meechan, Catriona"]
[Result "1/2-1/2"]
[WhiteElo "1823"]
[BlackElo "1780"]
[PlyCount "69"]
[EventDate "2008.10.18"]
[SourceDate "2008.10.04"]

1. c4 c5 2. Nf3 Nc6 3. Nc3 Nf6 4. g3 g6 5. Bg2 a6 6. O-O Bg7 7. d4 cxd4 8. Nxd4
Qc7 9. h3 O-O 10. Be3 Nxd4 11. Qxd4 d6 12. Qh4 Be6 13. Nd5 Bxd5 14. cxd5 Rfc8
15. Rfc1 Qd7 16. Bd4 Rxc1+ 17. Rxc1 Rc8 18. Bc3 Rc5 19. Qg5 h6 20. Qd2 Qc8 21.
Kh2 b5 22. Rd1 Kh7 23. a3 Qf5 24. Kg1 Ne4 25. Bxe4 Qxe4 26. f3 Bxc3 27. fxe4
Bxd2 28. Rxd2 Kg7 29. Kf2 Kf6 30. Ke3 Ke5 31. b3 f5 32. Rd4 Rc3+ 33. Rd3 Rxd3+
34. exd3 fxe4 35. dxe4 1/2-1/2

[Event "4NCL/Div3/BRI2 vs. LIT3"]
[Site "Sunningdale ENG"]
[Date "2008.10.18"]
[Round "1.1"]
[White "Dilleigh, Stephen P"]
[Black "Hewitt, Sean D"]
[Result "1-0"]
[WhiteElo "2147"]
[BlackElo "1995"]
[PlyCount "81"]
[EventDate "2008.10.18"]
[SourceDate "2008.10.04"]

1. d4 Nf6 2. c4 g6 3. Nc3 Bg7 4. e4 d6 5. Nf3 O-O 6. Be2 e5 7. Be3 Nc6 8. d5
Ne7 9. Nd2 Ne8 10. c5 f5 11. f3 a6 12. Nc4 dxc5 13. Bxc5 Nd6 14. a4 b6 15. Bxd6
cxd6 16. Qb3 Rb8 17. Qb4 Rf6 18. Ra3 Bf8 19. Qb3 Qc7 {=} 20. Nxe5 Qc5 21. Nd3
Qe3 22. Qd1 Bh6 23. Nf2 Qc5 24. O-O Be3 25. Qd3 f4 26. Na2 Qc7 27. Kh1 Qd8 28.
Nd1 Nf5 29. exf5 Bxf5 30. Qc3 Rc8 31. Qe1 Bd4 32. Bxa6 Rc7 33. Qd2 Be5 34. Bd3
Bc8 35. Nb4 Qf8 36. Nc6 Rxc6 37. dxc6 g5 38. Bc4+ Kh8 39. Nf2 Rh6 40. h3 Qg7
41. Ng4 1-0

[Event "4NCL/Div3/BRI2 vs. LIT3"]
[Site "Sunningdale ENG"]
[Date "2008.10.18"]
[Round "1.2"]
[White "Turvey, Steven"]
[Black "Humphreys, Jerry"]
[Result "0-1"]
[WhiteElo "1915"]
[BlackElo "2067"]
[PlyCount "94"]
[EventDate "2008.10.18"]
[SourceDate "2008.10.04"]

1. e4 c5 2. Nf3 e6 3. d4 cxd4 4. Nxd4 Nf6 5. Bd3 Nc6 6. c3 d6 7. Be3 Be7 8. h3
O-O 9. O-O a6 10. Nd2 Qc7 11. Qc2 Bd7 12. f4 Nxd4 13. cxd4 Qxc2 14. Bxc2 Rac8
15. Bd3 Rc7 16. Rac1 Rfc8 17. Nf3 Rxc1 18. Rxc1 Rxc1+ 19. Bxc1 Bc6 20. Nd2 Bd8
21. e5 dxe5 22. fxe5 Nd5 23. Be4 Bb6 24. Nb3 Nb4 25. Bb1 Bd5 26. Be3 Nc6 27.
Nc5 Bxc5 28. dxc5 Nxe5 29. a3 f5 30. Bc2 Kf7 31. Kf2 Nc6 32. Ba4 Kf6 33. Bxc6
Bxc6 34. Bd4+ e5 35. Bc3 g5 36. g3 Ke6 37. Ke3 Bg2 38. h4 gxh4 39. gxh4 Bc6 40.
b4 f4+ 41. Ke2 Kf5 42. Be1 e4 43. Kd2 Bb5 44. a4 e3+ 45. Kd1 Bxa4+ 46. Ke2 Ke4
47. Bc3 f3+ 0-1

[Event "4NCL/Div3/BRI2 vs. LIT3"]
[Site "Sunningdale ENG"]
[Date "2008.10.18"]
[Round "1.3"]
[White "Bass, John W"]
[Black "Farrall, David J"]
[Result "1-0"]
[WhiteElo "2099"]
[BlackElo "1818"]
[PlyCount "55"]
[EventDate "2008.10.18"]
[SourceDate "2008.10.04"]

1. d4 Nf6 2. c4 e6 3. Nc3 d5 4. Bf4 c6 5. e3 Bb4 6. Qb3 Bxc3+ 7. Qxc3 dxc4 8.
Bxc4 Nd5 9. Bxd5 exd5 10. Nf3 Bf5 11. O-O O-O 12. b4 Nd7 13. a4 a6 14. Rfc1 Re8
15. Qb3 Qb6 16. Ne5 Nxe5 17. Bxe5 Re6 18. Rc3 Rae8 19. Rac1 f6 20. Bf4 Qxd4 21.
g4 Qe4 22. gxf5 Qxf5 23. b5 g5 24. Bg3 cxb5 25. axb5 Re4 26. bxa6 bxa6 27. Rc5
Rd8 28. Rd1 1-0

[Event "4NCL/Div3/BRI2 vs. LIT3"]
[Site "Sunningdale ENG"]
[Date "2008.10.18"]
[Round "1.4"]
[White "van der Westhuizen, Charles"]
[Black "Littlejohns, David P"]
[Result "1/2-1/2"]
[WhiteElo "1795"]
[BlackElo "2066"]
[PlyCount "92"]
[EventDate "2008.10.18"]
[SourceDate "2008.10.04"]

1. d4 c6 2. Nf3 d5 3. c4 Nf6 4. Nc3 dxc4 5. a4 Bf5 6. e3 Bd3 7. Bxd3 cxd3 8.
Qxd3 e6 9. e4 Be7 10. h4 Nbd7 11. e5 Nd5 12. Nxd5 cxd5 13. Ng5 Bb4+ 14. Bd2
Bxd2+ 15. Qxd2 h6 16. Nf3 Rc8 17. O-O O-O 18. Rac1 Qb6 19. Rxc8 Rxc8 20. Rc1
Rc6 21. Rxc6 Qxc6 22. b3 Nb8 23. g3 Qb6 24. Qc3 Nc6 25. Kf1 a5 26. Ke2 Nb4 27.
Nd2 Qa6+ 28. Ke3 Kh7 29. f4 g6 30. g4 Kg7 31. h5 gxh5 32. gxh5 Kh7 33. Kf2 Nd3+
34. Ke3 Ne1 35. Kf2 Nd3+ 36. Ke3 Nb4 37. Kf2 Qb6 38. Ke3 Qd8 39. Nf3 Kg7 40.
Qc5 b6 41. Qc1 Qh8 42. f5 exf5 43. Qc7 f4+ 44. Kxf4 Qh7 45. Qxb6 Qe4+ 46. Kg3
Nc2 1/2-1/2

[Event "4NCL/Div3/BRI2 vs. LIT3"]
[Site "Sunningdale ENG"]
[Date "2008.10.18"]
[Round "1.5"]
[White "Varley, Ed"]
[Black "Rajeswaran, Kiruthika"]
[Result "1/2-1/2"]
[WhiteElo "1910"]
[BlackElo "1850"]
[PlyCount "52"]
[EventDate "2008.10.18"]
[SourceDate "2008.10.04"]

1. d4 Nf6 2. c4 c5 3. d5 b5 4. cxb5 a6 5. bxa6 g6 6. Nc3 Bxa6 7. g3 Bg7 8. Bg2
d6 9. Nf3 O-O 10. O-O Nbd7 11. Re1 c4 12. Nd4 Nc5 13. Nc6 Qc7 14. Be3 Bb7 15.
Bxc5 dxc5 16. Nb5 Qd7 17. a4 Ra6 18. Rc1 Nxd5 19. Qxd5 Qxc6 20. Qxc6 Bxc6 21.
Bxc6 Rxc6 22. Rxc4 Bxb2 23. Rb1 Bf6 24. Nc3 Bxc3 25. Rxc3 Ra8 26. Rc4 Rca6
1/2-1/2

[Event "4NCL/Div3/BRI2 vs. LIT3"]
[Site "Sunningdale ENG"]
[Date "2008.10.18"]
[Round "1.6"]
[White "Hewitt, Graham"]
[Black "Jennings, Michael"]
[Result "1-0"]
[WhiteElo "1750"]
[BlackElo "1745"]
[PlyCount "141"]
[EventDate "2008.10.18"]
[SourceDate "2008.10.04"]

1. e4 d5 2. exd5 Qxd5 3. Nc3 Qa5 4. d4 Nf6 5. Bd2 c6 6. Bc4 Bf5 7. Nf3 e6 8. a3
Qc7 9. Bb3 h6 10. Qe2 Be7 11. O-O-O Nbd7 12. h3 O-O-O 13. g4 Bh7 14. Ne5 Nxe5
15. dxe5 Nd5 16. Nxd5 cxd5 17. f4 d4 18. Qc4 d3 19. Qxc7+ Kxc7 20. c3 Be4 21.
Rh2 Bh4 22. Be3 Bf3 23. Rg1 Be2 24. Kd2 a6 25. Bd1 Bxd1 26. Rxd1 Rd7 27. Rhh1
Rhd8 28. Rhf1 f6 29. Bd4 fxe5 30. Bxe5+ Kc8 31. Bd4 Bf6 32. Bb6 Re8 33. Rf3 e5
34. fxe5 Rxe5 35. Rxd3 Bg5+ 36. Kc2 Re2+ 37. Kb3 Rxd3 38. Rxd3 Re6 39. Bd4 Bf6
40. Bxf6 Rxf6 41. c4 Rb6+ 42. Kc3 Rf6 43. b4 Kc7 44. a4 Kc6 45. Re3 Kd7 46. b5
axb5 47. axb5 b6 48. Rd3+ Kc7 49. h4 g6 50. Rd4 Rf3+ 51. Kd2 Rf2+ 52. Ke3 Rh2
53. g5 hxg5 54. hxg5 Rg2 55. Kf4 Rf2+ 56. Ke3 Rf5 57. Rd5 Rf1 58. Kd4 Rf4+ 59.
Ke5 Rf5+ 60. Ke6 Rf4 61. Ke7 Rxc4 62. Kf6 Rc5 63. Re5 Kd7 64. Re7+ Kd6 65. Re6+
Kc7 66. Kxg6 Rxb5 67. Kf6 Rb1 68. g6 Rg1 69. g7 Rf1+ 70. Ke7 Rg1 71. Kf7 1-0

[Event "4NCL/Div3/graded friendly"]
[Site "Sunningdale ENG"]
[Date "2008.10.18"]
[Round "1"]
[White "Jones, Laurence"]
[Black "Waldock, Adrian"]
[Result "1/2-1/2"]
[WhiteElo "1743"]
[BlackElo "1925"]
[PlyCount "50"]
[EventDate "2008.10.19"]
[SourceDate "2008.10.04"]

1. e4 Nf6 2. e5 Nd5 3. d4 d6 4. Nf3 dxe5 5. Nxe5 g6 6. Qf3 Nf6 7. Bc4 e6 8. Bg5
Bg7 9. c3 h6 10. Bh4 O-O 11. g4 g5 12. Bg3 Nbd7 13. h4 Nb6 14. Bd3 Nbd5 15.
hxg5 hxg5 16. Nd2 c6 17. Ne4 Nxe4 18. Bxe4 f5 19. gxf5 exf5 20. Qh5 Rf6 21.
Qh7+ Kf8 22. Bc2 Be6 {=} 23. O-O-O f4 24. Ng6+ Kf7 25. Ne5+ Kf8 1/2-1/2